Hungarian regional policy and the EU accession

Maďarská štrukturálna a kohézna politika. Vysvetlenie základov tejto politiky a upozornenie, že medzi regiónmi existujú veľké rozdiely. Regionálna nerovnováha vyžaduje zrozumiteľnú regionálnu politiku. Prijatie zákona o regionálnom rozvoji a územnom plánovaní. Prijatie Koncepcie štátneho regionálneh...

ver descrição completa

Na minha lista:
Detalhes bibliográficos
Autor principal: Horváth, Gyula
Formato: Capítulo de Livro
Idioma:inglês
Assuntos:
Tags: Adicionar Tag
Sem tags, seja o primeiro a adicionar uma tag!

MARC

LEADER 00000naa a2200000 4500
001 r044932
005 20231004075503.0
041 0 |a eng 
044 |a CZ 
245 1 0 |a Hungarian regional policy and the EU accession  |c Gyula Horváth 
520 |a Maďarská štrukturálna a kohézna politika. Vysvetlenie základov tejto politiky a upozornenie, že medzi regiónmi existujú veľké rozdiely. Regionálna nerovnováha vyžaduje zrozumiteľnú regionálnu politiku. Prijatie zákona o regionálnom rozvoji a územnom plánovaní. Prijatie Koncepcie štátneho regionálneho rozvoja. Kľúčové problémy maďarskej regionálnej politiky. 
610 2 0 |a politika regionálna 
610 2 0 |a politika štruktúrna 
610 2 0 |a Maďarsko 
610 2 0 |a regióny 
610 2 0 |a rozvoj regionálny 
610 2 0 |a štruktúra regionálna 
610 2 0 |a nerovnováha hospodárska 
610 2 0 |a diferenciácia regionálna 
100 1 |a Horváth, Gyula